Music Quiz

Random Music or Song Quiz

'90s Song Title Match Up Quiz Stats

Quiz Updated Aug 18, 2015

Challenge
Share
Tweet
Score 0/25 Timer 04:00
3 Plays Today
% Correct
Breakfast At
98.1%
Smells Like
96.5%
Barbie
96.2%
Gangsta's
94.6%
...Baby One
94.3%
Losing
94%
You're Still
92.3%
November
91.7%
Basket
91.7%
Un-Break
91.3%
Kiss From
90.6%
Hand in
90.5%
Truly Madly
90.1%
% Correct
Insane In
87.3%
Scooby
87.2%
Walking In
87.1%
Enter
85.5%
More Than
82.1%
Paranoid
79.5%
Rhythm Is
79.4%
Silent All
77.6%
Time,
74.7%
Boom! Shake
73.3%
Birdhouse In
65.7%
Motorcycle
51.4%

You're not logged in!

Compare scores with friends on all Sporcle quizzes.
Sign Up with Email
OR
Log In

You Might Also Like...

Show Comments

Extras

Top Quizzes Today


Score Distribution

Your Account Isn't Verified!

In order to create a playlist on Sporcle, you need to verify the email address you used during registration. Go to your Sporcle Settings to finish the process.